Normal view
MARC view
- Najam ul Ghani
Entry Personal Name
001 - CONTROL NUMBER
- control field: 14561
003 - CONTROL NUMBER IDENTIFIER
- control field: NUST
005 - DATE AND TIME OF LATEST TRANSACTION
- control field: 20190527092349.0
008 - FIXED-LENGTH DATA ELEMENTS
- fixed length control field: 190527|| aca||aabn | a|a d
040 ## - CATALOGING SOURCE
- Original cataloging agency: NUST
- Transcribing agency: NUST
100 ## - HEADING--PERSONAL NAME
- Personal name: Najam ul Ghani
670 ## - SOURCE DATA FOUND
- Source citation: Work cat.: (NUST): Najam ul Ghani, Bhar-Ul-Fashaat /, 2004.
